00975cam a2200301 a 45000010005000000030006000050050017000110080041000280100017000690200028000860200018001140400023001320420009001550500025001640820014001891000035002032450042002382500044002802600035003243000024003594900034003835050008004175200176004255210018006015210020006196500021006396500013006602419FISKH20240916112117.0041119s2005 nyu c 000 1 eng  a 2004027735 a0399244549 (alk. paper) a9780439899673 aDLCcDLCdDLCbeng alcac00aPZ7.F598284bRu 200500a[Fic]2221 aFlanagan, Johnq(John Anthony)14aThe ruins of Gorlan /cJohn Flanagan. aFirst Scholastic printing, October 2006 aNew York :bScholastic,c2005. a249 pages ;c20 cm 1 aRanger's apprentice ;vbook 1 aZ'  aWhen fifteen-year-old Will is rejected by battleschool, he becomes the reluctant apprentice to the mysterious Ranger Halt, and winds up protecting the kingdom from danger.8 a920 bLexile 8 aZ' bRaz-Plus  1aHeroesvFiction. 1aFantasy.